| 000 | 01147nem a2200253 i 4500 | ||
|---|---|---|---|
| 001 | 185964 | ||
| 003 | ES-MaACL | ||
| 005 | 20250830195445.0 | ||
| 008 | 160831s1873 sp | | | ||spa d | ||
| 130 | 0 |
_aBadajoz. _kPlanos de población. _f1871. _9160637 |
|
| 245 | 1 | 0 |
_aPlano de Badajoz [ _hMaterial cartográfico] / _clevantado por una comisión de oficiales del Cuerpo de E.M. del Ejército en 1871. |
| 255 | _a1:500.000. | ||
| 260 |
_a[Madrid?] : _bPublicado por el Depósito de la Guerra, _cen 1873. |
||
| 300 |
_a1 mapa ; _c69 x 81 cm. |
||
| 500 | _aPlano detallado que representa la ciudad con su recinto amurallado y los fuertes que la rodean. | ||
| 530 | _aDisponible en formato digital. | ||
| 592 | _aRelieve por curvas de nivel, equidistancia entre las curvas 3 metros. | ||
| 651 | 4 |
_aBadajoz- _vPlanos. _9160638 |
|
| 710 | 2 |
_aComisión de Oficiales del Cuerpo de Estado Mayor del Ejército (España) _9160630 |
|
| 710 | 1 |
_aEspaña. _bDepósito de la Guerra. _9167579 |
|
| 852 |
_aES-MaACL _jG-6614 |
||
| 856 |
_uhttp://bdh-rd.bne.es/viewer.vm?id=0000017173&page=1 _zBiblioteca Digital Hispánica |
||
| 999 |
_c185964 _d185964 |
||